| 000 | 00461 a2200157 4500 | ||
|---|---|---|---|
| 003 | Nust | ||
| 005 | 20230202094454.0 | ||
| 040 | _cNust | ||
| 082 | _a940,AGA | ||
| 100 |
_aAgar, Herbert _9108438 |
||
| 245 |
_aA time for greatness / _cHerbert Agar |
||
| 260 |
_aLondon _bEyre and spottiswoode _c1945 |
||
| 300 | _a160pages | ||
| 505 | _aTo See The Challenge And To Meet It (Page-1), What Must We Discard, What Conserve? (Page-99). | ||
| 942 |
_2ddc _cBK _k940,AGA |
||
| 999 |
_c193975 _d193975 |
||